000 00901nam a2200241 a 4500
001 22927
003 BD-RjUL
005 20211209000854.0
008 140309s1961 stk 000 0 eng d
035 _a(BD-RjUL)22992
035 _a(BD-RjUL)
040 _aANL
_beng
_cANL
_dBD-RjUL
041 _aeng
082 0 4 _a801.9
_bSAH V-1 1961
100 1 _aSaintsbury, George,
_d1845-1933.
_957733
245 1 2 _aA history of criticism and literary taste in Europe from the earliest texts to the present day /
_cby George Saintsbury.
_nVOL I :
_pClassical and medieval Criticism
260 _aEdinburgh :
_bBlackwood,
_c1961.
300 _a3 v.
505 0 _av.1. Classical and medieval criticism. - v.2. From the Renaissance to the decline of eighteenth century orthology. - v.3. Modern criticism.
650 0 _aLiterature
_xHistory and criticism.
_970692
650 0 _aCriticism.
_970693
942 _2ddc
_cBK
999 _c22927
_d22927